| 000 | 00485nam a2200205Ia 4500 | ||
|---|---|---|---|
| 001 | 17472 | ||
| 003 | GE_BSU | ||
| 008 | 181216s||||||||xx |||||||||||||| ||und|| | ||
| 020 | _a9781567651461 | ||
| 040 | _cGE_BSU | ||
| 080 | _a821.111 | ||
| 100 | _aLevine,Harold. Levine, Norman | ||
| 245 | _aCurrents in Literature. World volume | ||
| 260 | _aNew York | ||
| 260 | _c2007 | ||
| 300 | _a279p. | ||
| 541 | _h12 Gel. | ||
| 653 | _aCurrents in Literature. World volume | ||
| 942 | _cBK | ||
| 999 |
_c50523 _d50523 |
||